[Event "USA-op Los Angeles"]
[Site "Los Angeles"]
[Date "1991.??.??"]
[Round "?"]
[White "Thinnsen, James A"]
[Black "Rohde, Michael A"]
[Result "0-1"]
[WhiteElo "2345"]
[BlackElo "2550"]

1.Nf3 d6 2.d4 Nf6 3.Bg5 Nbd7 4.c3 h6 5.Bh4 e5 6.e3 Be7 7.Qc2 e4 8.Nfd2 d5
9.f3 O-O 10.fxe4 Ng4 11.Bxe7 Qxe7 12.Qd3 Qg5 13.Ke2 Ndf6 14.c4 Qh5 15.Ke1 dxe4
16.Nxe4 Nxe4 17.Qxe4 Bf5 18.Qf4 Nxe3  0-1

[Event "USA-op Los Angeles"]
[Site "Los Angeles"]
[Date "1991.??.??"]
[Round "?"]
[White "Rohde, Michael A"]
[Black "Lputian, Smbat G"]
[Result "1-0"]
[WhiteElo "2550"]
[BlackElo "2570"]

1.e4 e6 2.d4 d5 3.Nd2 c5 4.Ngf3 Nf6 5.exd5 Nxd5 6.Nb3 Nd7 7.Be2 Be7 8.c4 N5f6
9.dxc5 O-O 10.O-O Qc7 11.Nfd4 Nxc5 12.Nb5 Qb6 13.Bf4 Bd7 14.Bc7 Qa6 15.Bd6 Bxd6
16.Nxd6 Nxb3 17.axb3 Qb6 18.Rc1 a5 19.Rc3 Rfd8 20.c5 Qc7 21.Qd4 Bc6 22.Rg3 Qe7
23.Qe5 Rd7 24.f4 g6 25.Bc4 b5 26.f5 exf5 27.Bxf7+ Kf8 28.Qc3 b4 29.Qc1 Rxd6
30.cxd6 Qa7+ 31.Kh1 Bxg2+ 32.Rxg2 Qxf7 33.Qh6+ Qg7 34.Qxg7+ Kxg7 35.Rxf5 Ra6
36.d7 Nxd7 37.Rb5 Nf6 38.Rc2 Rd6 39.Rxa5 Rd3 40.Rg5 Nh5 41.Rg4 Rxb3 42.Kg2 Kf6
43.Rf2+ Ke5 44.Rg5+ Kd4 45.Rg4+ Kc5 46.Rh4 Rd3 47.Re4 Rd7 48.Re5+ Kc4 49.Re3 Rd5
50.b3+ Kc5 51.Rc2+ Kd4 52.Kf2 Rf5+ 53.Ke2 Nf4+ 54.Kd2 Kd5 55.Rc4 Kd6 56.Rxb4 Nd5
57.Rd4 Kc5 58.Rc4+ Kd6 59.Rh3 h5 60.b4 Rf2+ 61.Ke1 Rf8 62.Rg3 Rb8 63.Rxg6+ Ke7
64.Rc5 Kf7 65.Rd6 Nxb4 66.Rc7+ Kg8 67.Kd2 Ra8 68.Rb7 Na6 69.Rg6+ Kh8 70.Rh6+ Kg8
71.Rxh5 Rc8 72.Rg5+ Kh8 73.Rb6  1-0

[Event "USA-op Los Angeles"]
[Site "Los Angeles"]
[Date "1991.??.??"]
[Round "?"]
[White "Rohde, Michael A"]
[Black "Seltzer, Robert"]
[Result "1-0"]
[WhiteElo "2550"]
[BlackElo "2320"]

1.e4 c5 2.c3 d5 3.exd5 Qxd5 4.d4 cxd4 5.cxd4 Nc6 6.Nf3 Bg4 7.Nc3 Bxf3 8.gxf3 Qxd4
9.Qxd4 Nxd4 10.Nb5 O-O-O 11.Nxd4 Rxd4 12.Be3 Rd7 13.Bb5 Rc7 14.Bxa7 e6 15.Bb6 Rc2
16.O-O Ne7 17.Rac1 Rxc1 18.Rxc1+ Nc6 19.a4 Kb8 20.a5 Nb4 21.Bc7+ Ka8 22.Be8 Nd3
23.Rc3 Bb4 24.Rxd3 Rxe8 25.Bb6 Kb8 26.Rd7 Be7 27.Kf1 Kc8 28.Rc7+ Kb8 29.Ke2 Bf6
30.b4 Re7 31.Rc4 Rd7 32.b5 Bd8 33.Bxd8 Rxd8 34.b6 Rd7 35.Ke3 g5 36.f4 h6
37.fxg5 hxg5 38.Rg4 Rd5 39.h4 f6 40.h5 Rxa5 41.Rd4 Kc8 42.h6 g4 43.Rxg4 Rh5
44.Rg6 Kd7 45.Rxf6 Ke7 46.Rg6 Kd6 47.Kf4 Ke7 48.Ke4 Kf7 49.Rg7+ Kf6 50.Rxb7 Rxh6
51.Rb8 Rh4+ 52.f4  1-0

[Event "USA-op Los Angeles"]
[Site "Los Angeles"]
[Date "1991.??.??"]
[Round "?"]
[White "Rohde, Michael A"]
[Black "Yermolinsky, Alex"]
[Result "1-0"]
[WhiteElo "2550"]
[BlackElo "2575"]

1.d4 Nf6 2.Nf3 e6 3.c4 Bb4+ 4.Bd2 Qe7 5.g3 Nc6 6.Nc3 O-O 7.Bg2 d6 8.O-O Bxc3
9.Bxc3 e5 10.d5 Nb8 11.Qc2 c6 12.Nh4 cxd5 13.cxd5 Na6 14.e4 Bd7 15.f4 Ng4
16.Rae1 exf4 17.Nf5 Bxf5 18.exf5 Qc7 19.Rxf4 Qc5+ 20.Kh1 Ne3 21.Qd2 Rae8
22.Bd4 Nc4 23.Bxc5 Nxd2 24.Be3 Nb1 25.Rf3  1-0

[Event "USA-op Los Angeles"]
[Site "Los Angeles"]
[Date "1991.??.??"]
[Round "?"]
[White "Alburt, Lev O"]
[Black "Rohde, Michael A"]
[Result "0-1"]
[WhiteElo "2535"]
[BlackElo "2550"]

1.d4 Nf6 2.c4 e6 3.g3 Bb4+ 4.Nd2 c5 5.Nf3 Nc6 6.dxc5 Bxc5 7.Bg2 d5 8.O-O O-O
9.a3 a5 10.cxd5 exd5 11.Nb3 Bb6 12.Nbd4 Re8 13.Be3 Bg4 14.Nc2 Rc8 15.Qd3 Bxf3
16.Bxf3 d4 17.Bf4 Nd5 18.Qd2 Nxf4 19.Qxf4 d3 20.Rad1 dxc2 21.Rxd8 Rexd8 22.Bg4 Nd4
23.Kg2 Rc6 24.Qe3 Ne6 25.Qe5 Rd1 26.Bxe6 Rxe6 27.Qb8+ Bd8 28.Qc8 c1=Q 29.Qxc1 Rxc1
30.Rxc1 Rxe2 31.Rc8 Rd2 32.Rb8 Rd7 33.Kf3 Kf8 34.Ke2 Ke7 35.Ra8 Bb6 36.g4 Rd8  0-1

[Event "New York Reshevsky"]
[Site "New York"]
[Date "1992.??.??"]
[Round "4"]
[White "Moskow, Eric"]
[Black "Rohde, Michael A"]
[Result "0-1"]
[WhiteElo "2240"]
[BlackElo "2585"]

1.c4 Nf6 2.Nf3 g6 3.g3 Bg7 4.Bg2 O-O 5.O-O d5 6.cxd5 Nxd5 7.Nc3 Nc6 8.Nxd5 Qxd5
9.d3 Qh5 10.Rb1 a5 11.Bf4 e5 12.Be3 h6 13.Re1 Be6 14.Qa4 Nb4 15.a3 Nd5 16.Bc5 Rfd8
17.Nd2 b6 18.Bf3 Qg5 19.Ne4 Qf5 20.Be3 Nxe3 21.fxe3 Bd5 22.Rbc1 Qd7 23.Qxd7 Rxd7
24.Rc2 Rad8 25.Bg2 f5 26.Nc3 Bb3 27.Rcc1 h5 28.Nb5 c5 29.e4 Bh6 30.Ra1 Be3+
31.Kh1 c4 32.exf5 gxf5 33.dxc4 Bxc4 34.Nc3 Rd2 35.Rad1 Bb3 36.Rxd2 Rxd2 37.Rf1 f4
38.gxf4 exf4 39.Ne4 Rxe2 40.Nf6+ Kh8 41.Nxh5 Rxb2 42.Be4 Bc4 43.Rd1 Rd2 44.Rxd2 Bxd2
45.a4 Be2 46.Nf6 Bc3 47.Nd5 f3 48.Nxc3 f2 49.Bg2 Bf3  0-1

[Event "New York Reshevsky"]
[Site "New York"]
[Date "1992.??.??"]
[Round "5"]
[White "Rohde, Michael A"]
[Black "Polgar, Zsuzsa"]
[Result "1-0"]
[WhiteElo "2585"]
[BlackElo "2540"]

1.c4 e5 2.Nc3 Nc6 3.Nf3 f5 4.d4 e4 5.Ng5 h6 6.Nh3 g5 7.Ng1 Bg7 8.e3 Nf6 9.h4 Kf7
10.Nh3 Kg6 11.f3 Qe7 12.fxe4 Nxe4 13.Nxe4 Qxe4 14.Bd3 Qxg2 15.Bxf5+ Kxf5
16.Rf1+ Ke6 17.Qh5 Ne5 18.dxe5 Bxe5 19.Qf7+ Kd6 20.Rf6+ Kc5 21.b4+ Kxb4 22.Bd2+ Ka3
23.c5 d5 24.cxd6 Bg3+ 25.Rf2 Qh1+ 26.Ke2 Bg4+ 27.Kd3 Bd1 28.Bc1+ Ka4 29.Qc4+ Ka5
30.Bd2+  1-0

[Event "New York Reshevsky"]
[Site "New York"]
[Date "1992.??.??"]
[Round "8"]
[White "Dzindzichashvili, Roman"]
[Black "Rohde, Michael A"]
[Result "1/2-1/2"]
[WhiteElo "2565"]
[BlackElo "2585"]

1.c4 Nf6 2.Nc3 e6 3.Nf3 Bb4 4.Qc2 c5 5.a3 Ba5 6.g3 O-O 7.Bg2 d5 8.Na4 Na6
9.O-O Bd7 10.d3 Rc8 11.Ne5 Be8 12.Nc3 Bc7 13.Nf3 d4 14.Nb5 Bb8 15.e4 dxe3
16.Bxe3 Bxb5 17.cxb5 Nc7 18.Qc4 Ncd5 19.Rac1 Nxe3 20.fxe3 Nd5 21.Rfe1 Qf6
22.e4 Nb6 23.Qc3 Rfd8 24.e5 Qh6 25.Rc2 Rd5 26.Qd2 Nd7 27.Qxh6 gxh6 28.d4 Rd8
29.dxc5 Nxc5 30.Bf1 Nd3 31.Bxd3 Rxd3 32.Kg2 Kg7 33.Re4 Rb3 34.a4 h5 35.Kf2 a6
36.Nd2 Rbd3 37.Nc4 axb5 38.axb5 R8d5 39.b6 f5 40.exf6+ Kxf6 41.Re3  1/2-1/2

[Event "New York Reshevsky"]
[Site "New York"]
[Date "1992.??.??"]
[Round "9"]
[White "Rohde, Michael A"]
[Black "Gurevich, Ilya"]
[Result "0-1"]
[WhiteElo "2585"]
[BlackElo "2510"]

1.c4 e5 2.Nc3 Nf6 3.Nf3 Nc6 4.e4 Bb4 5.d3 d6 6.g3 O-O 7.Bg2 h6 8.O-O Be6
9.Nd5 Bc5 10.h3 a5 11.Be3 Nd7 12.Kh2 Rb8 13.Rc1 Nd4 14.Nxd4 exd4 15.Bd2 c6
16.Nf4 b5 17.cxb5 Rxb5 18.b3 Ba3 19.Rxc6 Bc5 20.Nxe6 fxe6 21.a4 Rb8 22.Ra6 Bb6
23.b4 axb4 24.a5 Bc5 25.Qb3 Re8 26.Bf4 Qc8 27.Rxd6 Bxd6 28.Bxd6 Qc3 29.Rb1 Nc5
30.Qd1 Rb5 31.a6 Nxa6 32.Qa4 Qc6 33.e5 Qb6 34.Rc1 Qa5 35.Qd1 Rd8 36.Qg4 Rxe5
37.Bxe5 Qxe5 38.Be4 Nc5 39.Rxc5 Qxc5 40.Qxe6+ Kf8 41.h4 Rd6 42.Qa2 Qb5 43.Qa8+ Ke7
44.Qg8 b3 45.Qxg7+ Kd8 46.Qf8+ Kc7 47.Qf7+ Kb6 48.Qb7+ Ka5 49.Qc7+ Rb6 50.Qa7+ Kb4
51.Bd5 Qxd5 52.Qxb6+ Kc3 53.Qc7+ Kd2 54.Qf4+ Kc2 55.Qc7+ Kd1 56.Qa7 b2 57.Qa4+ Kc1
58.Qa3 Kc2 59.Qa4+ Qb3 60.Qc6+ Qc3  0-1

[Event "Philadelphia opI"]
[Site "Philadelphia"]
[Date "1992.??.??"]
[Round "1"]
[White "Rohde, Michael A"]
[Black "Rogers, Norman"]
[Result "1-0"]
[WhiteElo "2585"]
[BlackElo "2330"]

1.c4 Nf6 2.Nc3 g6 3.g3 Bg7 4.Bg2 O-O 5.Nf3 d6 6.O-O e5 7.d3 a5 8.Rb1 Nc6
9.a3 Bg4 10.h3 Bd7 11.b4 axb4 12.axb4 Qc8 13.Kh2 Re8 14.b5 Nd4 15.Nd2 h5
16.Nde4 Nxe4 17.Nxe4 Ra2 18.e3 Ne6 19.b6 Ba4 20.Qf3 Bc6 21.bxc7 Qxc7 22.Qd1 Ba4
23.Qe1 Bc6 24.Nc3 Ra6 25.Nd5 Qd8 26.Qd1 h4 27.g4 Nc5 28.Nb4 Rb6 29.Ba3 Ba4
30.Qe2 Bc6 31.Nxc6 bxc6 32.Bxc5 dxc5 33.Rxb6 Qxb6 34.g5 Bf8 35.Qg4 Be7 36.Rg1 Kg7
37.Qxh4 Rh8 38.Qg3 Qb2 39.Bf3 Rd8 40.Be4 Rh8 41.Kg2 Ra8 42.h4 Ra2 43.Rf1 Bd6
44.h5 gxh5 45.Qf3 Kg8 46.Qxh5 Qe2 47.Qh7+ Kf8 48.Qh8+ Ke7 49.Qf6+  1-0

[Event "Philadelphia opI"]
[Site "Philadelphia"]
[Date "1992.??.??"]
[Round "2"]
[White "Khmelnitsky, Igor N"]
[Black "Rohde, Michael A"]
[Result "0-1"]
[WhiteElo "2475"]
[BlackElo "2585"]

1.e4 c5 2.c3 d5 3.exd5 Qxd5 4.d4 Nf6 5.Nf3 e6 6.Na3 Qd8 7.Bf4 Nc6 8.dxc5 Nd5
9.Bd6 Bxd6 10.cxd6 Qxd6 11.Nb5 Qe7 12.c4 a6 13.Nbd4 Ndb4 14.a3 e5 15.Nxc6 Nxc6
16.Be2 O-O 17.O-O Rd8 18.Qe1 e4 19.Nd2 Bf5 20.Bd1 Qe5 21.Ra2 Rd6 22.Nb1 e3
23.Nc3 Bd3 24.Be2 exf2+ 25.Rxf2 Nd4 26.b4 Bxc4 27.Rd2 Rad8 28.Qd1 Nxe2+ 29.Rfxe2 Bxe2
30.Rxd6 Rxd6  0-1

[Event "World op"]
[Site "Philadelphia"]
[Date "1992.??.??"]
[Round "5"]
[White "Rind, Bruce"]
[Black "Rohde, Michael A"]
[Result "0-1"]
[WhiteElo "2375"]
[BlackElo "2585"]

1.c4 c5 2.Nc3 g6 3.g3 Bg7 4.Bg2 Nc6 5.e4 e6 6.Nge2 Nge7 7.d3 d6 8.O-O O-O
9.Rb1 b6 10.Be3 Nd4 11.Qd2 Nec6 12.Bh6 Bxh6 13.Qxh6 Rb8 14.Nxd4 Nxd4 15.Qe3 Re8
16.Ne2 Nc6 17.d4 e5 18.dxe5 Nxe5 19.b3 b5 20.cxb5 Rxb5 21.Rfd1 Bb7 22.Nc3 Rb4
23.a3 Rb6 24.b4 Nc4 25.Qc1 cxb4 26.Na4 Nxa3 27.Nxb6 Nxb1 28.Nc4 Nc3 29.Rd2 Qc7
30.Qf1 Ba6  0-1

[Event "Philadelphia opI"]
[Site "Philadelphia"]
[Date "1992.??.??"]
[Round "5"]
[White "Rohde, Michael A"]
[Black "Browne, Walter S"]
[Result "1/2-1/2"]
[WhiteElo "2585"]
[BlackElo "2530"]

1.c4 e5 2.Nc3 Nc6 3.Nf3 f5 4.d4 e4 5.Ng5 h6 6.Nh3 g5 7.Ng1 Bg7 8.e3 Nf6 9.h4 g4
10.Nge2 Nh5 11.Nd5 Ne7 12.Nef4 Nxf4 13.Nxf4 h5 14.Bd2 Rh6 15.Qb3 d6 16.Rc1 Ng6
17.Nxg6 Rxg6 18.g3 c6 19.Be2 Bf6 20.Qa3 Be6 21.b4 a6 22.Kf1 Kf8 23.Qb3 d5
24.cxd5 Bxd5 25.Bc4 Be7 26.Bxd5 cxd5 27.Kg2 Qd7 28.a4 b5 29.axb5 axb5 30.Rc2 Rc6
31.Rxc6 Qxc6 32.Rc1 Qd7 33.Rc3 Qb7 34.Bc1 Kf7 35.Bb2 Ke6 36.Rc5 Bd6 37.Qc3 Rd8
38.Rc6 Kd7 39.Rc5 Ra8 40.Qb3 Ke6 41.Qc3 Rf8 42.Rc6 Rb8  1/2-1/2

[Event "Philadelphia opI"]
[Site "Philadelphia"]
[Date "1992.??.??"]
[Round "6"]
[White "Delaune, Richard K"]
[Black "Rohde, Michael A"]
[Result "0-1"]
[WhiteElo "2355"]
[BlackElo "2585"]

1.c4 c5 2.Nc3 Nc6 3.Nf3 Nd4 4.Ng1 e5 5.g3 g6 6.Bg2 Bg7 7.d3 Ne7 8.e3 Ndc6
9.Nge2 O-O 10.O-O a6 11.f4 d6 12.Rb1 Rb8 13.a4 Bd7 14.h3 f5 15.Kh2 h6 16.Bd2 Nb4
17.Be1 Be6 18.Bf2 g5 19.Kh1 b6 20.Qd2 Qd7 21.Ng1 d5 22.cxd5 Nexd5 23.fxg5 Nxc3
24.bxc3 Nxd3 25.e4 f4 26.gxf4 Nxf4 27.Qxd7 Bxd7 28.gxh6 Bxh6 29.Rfd1 Nxg2
30.Kxg2 Bc6 31.Re1 Rf4 32.Rb2 Rxe4 33.Rxe4 Bxe4+ 34.Kf1 Bc1 35.Ra2 Bb1 36.Ra1 Bd3+
37.Ne2 Bb2 38.Rd1 c4 39.Rd2 Bc1 40.Rd1 Bh6 41.Ke1 b5 42.a5 Rf8 43.Nc1 Bc2
44.Bc5 Rc8 45.Rd5 Bxc1 46.Rxe5 Bf4  0-1

[Event "Philadelphia opI"]
[Site "Philadelphia"]
[Date "1992.??.??"]
[Round "7"]
[White "Rohde, Michael A"]
[Black "Ibragimov, Ildar"]
[Result "0-1"]
[WhiteElo "2585"]
[BlackElo "2515"]

1.c4 e5 2.Nc3 d6 3.Nf3 f5 4.d4 e4 5.Ng5 Be7 6.h4 Nf6 7.e3 O-O 8.Be2 c6 9.d5 Na6
10.b3 Nc7 11.Bb2 c5 12.Qd2 Nd7 13.O-O-O Bxg5 14.hxg5 Qxg5 15.f4 Qe7 16.g4 fxg4
17.Nxe4 Qxe4 18.Bd3 Qe7 19.Bxh7+ Kf7 20.e4 Nf6 21.e5 Nxh7 22.Rxh7 Ne8 23.e6+ Bxe6
24.Re1 Bf5 25.Rxe7+ Kxe7 26.Rh5 Rf7 27.Qe1+ Kd8 28.Qh4+ Kd7 29.Rxf5 Rxf5
30.Qxg4 g6 31.Qxg6 Rxf4 32.Qh7+ Kd8 33.Qxb7 Rf1+ 34.Kc2 Rf2+ 35.Kb1 Rf1+
36.Bc1 Rc8 37.Qxa7 Rc7 38.Qa5 Ke7 39.Qd2 Kf8 40.Qh6+ Rg7 41.Kc2 Nf6 42.Qh2 Ne4
43.Qh8+ Kf7 44.Qh5+ Ke7 45.Qh4+ Nf6 46.Qh3 Rf2+ 47.Kd3 Ng4 48.Qh4+ Kd7 49.Bg5 Ne5+
50.Kc3 Rgf7 51.Be3 R2f3 52.Kd2 Rg7 53.Qh1 Rgg3 54.Bg1 Rf1  0-1

[Event "Tilburg"]
[Site "Tilburg"]
[Date "1992.??.??"]
[Round "1"]
[White "Rohde, Michael A"]
[Black "Ruban, Vadim"]
[Result "1/2-1/2"]
[WhiteElo "2585"]
[BlackElo "2580"]

1.c4 e6 2.Nf3 d5 3.d4 Nf6 4.Nc3 c5 5.cxd5 cxd4 6.Qxd4 Nxd5 7.e4 Nxc3 8.Qxc3 Nc6
9.Bb5 Bd7 10.O-O Qb6 11.a4 Qc5 12.Be3 Qxc3 13.bxc3 a6 14.Be2 Bd6 15.Rfb1 O-O-O
16.Rb2 Bc7 17.Bc5 Na5 18.Nd4 Nc6 19.Nc2 Be8 20.Rab1 Rd2 21.Kf1 Na5 22.Ke1 Rd8
23.Be7 Rd7 24.Bb4 Nc6 25.Bc5 Ba5 26.Nb4 Nd8 27.Kf1 Rc7 28.Nxa6 Rc6 29.Bb4 Bxb4
30.Nxb4 Rxc3 31.a5 Kd7 32.f3 Ke7 33.Kf2 Bd7 34.Rb3 Rxb3 35.Rxb3 Nc6 36.Nxc6+ Bxc6
37.a6 bxa6 38.Rb6 Rc8 39.Rxa6  1/2-1/2

[Event "Tilburg"]
[Site "Tilburg"]
[Date "1992.??.??"]
[Round "2"]
[White "Ruban, Vadim"]
[Black "Rohde, Michael A"]
[Result "0-1"]
[WhiteElo "2580"]
[BlackElo "2585"]

1.d4 Nf6 2.c4 e6 3.Nf3 Bb4+ 4.Nbd2 d5 5.a3 Be7 6.g3 c5 7.cxd5 exd5 8.Bg2 Nc6
9.dxc5 Bxc5 10.O-O O-O 11.b4 Bb6 12.Bb2 Re8 13.Nb3 Bg4 14.Rc1 Ne4 15.Nbd4 Qf6
16.Rc2 Qh6 17.Nxc6 bxc6 18.Nd4 Rac8 19.Qc1 Qh5 20.f3 Nf6 21.fxg4 Nxg4 22.h3 Ne3
23.Rxc6 Rxc6 24.Qxc6 Qe5 25.Rf2 Rf8 26.Rf4 Nc4 27.Ba1 g5 28.Qf6 gxf4 29.Qxe5 Nxe5
30.gxf4 Nc6 31.e3 Nxd4 32.Bxd4 Bxd4 33.exd4 Kg7 34.Kf2 Kf6 35.Bxd5 Rd8 36.Be4 Rxd4
37.Ke3 Rc4 38.Kd3 Rc1 39.a4 h6 40.a5 Ke6 41.b5 Ra1 42.a6 Ra3+ 43.Kd4 Kd6
44.Bc6 Ra4+ 45.Ke3 f5 46.h4 Rc4 47.h5 Rb4 48.Kf3 Rb3+ 49.Kf2 Kc7 50.Ke2 Kb6
51.Bd7 Rxb5 52.Bxb5 Kxb5 53.Kd3 Kxa6 54.Kd4 Kb5 55.Ke5 a5 56.Kxf5 a4 57.Kg6 a3
58.f5 a2 59.f6 a1=Q 60.f7 Qh8  0-1

[Event "Tilburg rapid15"]
[Site "Tilburg"]
[Date "1992.??.??"]
[Round "7"]
[White "Kengis, Edvins"]
[Black "Rohde, Michael A"]
[Result "1-0"]
[WhiteElo "2590"]
[BlackElo "2585"]

1.e4 e6 2.d4 d5 3.exd5 exd5 4.Nf3 Bd6 5.c4 c6 6.Nc3 Ne7 7.Bd3 O-O 8.O-O h6
9.h3 Be6 10.c5 Bc7 11.Qc2 Qc8 12.Re1 Re8 13.Bd2 Nd7 14.Re2 Nf8 15.Rae1 Neg6
16.Qc1 Rd8 17.Qc2 Bxh3 18.g3 Qg4 19.Nh2 Qxd4 20.Bf5 Bxf5 21.Qxf5 Qxc5 22.Ng4 Bxg3
23.Ne4 Nh4 24.Nxh6+ Kh8 25.Nxf7+ Kg8 26.Nh6+ Kh8 27.Qf7 Nf3+ 28.Kh1 gxh6
29.Nxc5 Nxe1 30.Re7 Be5 31.Rxe5  1-0

[Event "World op"]
[Site "Philadelphia"]
[Date "1993.??.??"]
[Round "2"]
[White "Rohde, Michael A"]
[Black "Men, Boris"]
[Result "1/2-1/2"]
[WhiteElo "2575"]
[BlackElo "2420"]

1.e4 Nf6 2.e5 Nd5 3.d4 d6 4.Nf3 Bg4 5.Be2 e6 6.O-O Be7 7.h3 Bh5 8.c4 Nb6
9.Nc3 O-O 10.Be3 Nc6 11.exd6 cxd6 12.d5 exd5 13.Nxd5 Bxf3 14.Bxb6 axb6 15.Bxf3 Bf6
16.Qd2 Ra4 17.Nxf6+ Qxf6 18.b3 Ra3 19.Rfd1 Re8 20.Qxd6 Re1+ 21.Rxe1 Qxd6
22.Re8+ Qf8 23.Rxf8+ Kxf8 24.Rd1 Rxa2 25.Rd7 Ra7 26.Bd5 Ne5 27.Rd6 Ke7 28.Rxb6 Nd7
29.Rb5 b6 30.Bc6 Nb8 31.Bf3 Nd7 32.Bg4 Ra6 33.Kh2 g6 34.f4 f5 35.Bf3 Ra5
36.Kg3 Rxb5 37.cxb5 Ke6 38.Kf2 Nb8 39.Be2 Kd5 40.Bc4+ Kd6 41.g3 Nd7 42.Ke2 Nf6
43.Bf7  1/2-1/2

[Event "World op"]
[Site "Philadelphia"]
[Date "1993.??.??"]
[Round "6"]
[White "Zapata, Alonso"]
[Black "Rohde, Michael A"]
[Result "1/2-1/2"]
[WhiteElo "2555"]
[BlackElo "2575"]

1.e4 e5 2.Nf3 Nc6 3.Bb5 Nge7 4.O-O Ng6 5.d4 exd4 6.Nxd4 Bc5 7.Be3 Nxd4 8.Bxd4 Bxd4
9.Qxd4 Qg5 10.Qd5 h6 11.Bc4 O-O 12.Nc3 d6 13.Bb3 Bd7 14.Rad1 Rae8 15.Qxg5 hxg5
16.Nd5 Rc8 17.f3 Rfe8 18.Kf2 Be6 19.Rd2 Ne5 20.Rfd1 Kf8 21.c3 Red8 22.Ne3 Re8
23.Kg3 a5 24.Bxe6 Rxe6 25.a4 f6 26.Rd5 Ra8 27.Rh1 Ng6 28.Nf5 Nf4 29.Rb5 g6
30.Nd4 Re7 31.Rxb7 c5 32.Rxe7 Kxe7 33.Nb5 Nd3 34.b3 f5 35.h3 fxe4 36.fxe4 Ne5
37.Rd1 c4 38.bxc4 Nxc4 39.Rd5 Nb6 40.Rxd6 Nxa4 41.Rxg6 Nc5 42.Kg4 a4 43.Rg7+ Kf6
44.Rxg5 Nxe4 45.Rf5+ Kg6 46.Kf4 a3 47.Kxe4 Re8+ 48.Kd5 Kxf5 49.Nxa3 Rd8+
50.Kc5 Kf4 51.Nb5 Rc8+ 52.Kd5 Kg3 53.Nd6 Rxc3 54.Ne4+  1/2-1/2

[Event "PCA-op"]
[Site "New York"]
[Date "1994.??.??"]
[Round "4"]
[White "Dzindzichashvili, Roman"]
[Black "Rohde, Michael A"]
[Result "1/2-1/2"]
[WhiteElo "2545"]
[BlackElo "2550"]

1.d4 Nf6 2.Nf3 e6 3.Bf4 b6 4.e3 Bb7 5.c3 Be7 6.h3 c5 7.Bd3 d6 8.O-O O-O 9.Nbd2 Nbd7
10.Qe2 cxd4 11.cxd4 Nd5 12.Bg3 Nb4 13.Bb5 a6 14.Ba4 b5 15.Bb3 Nb6 16.e4 Rc8
17.Rac1 Qd7 18.a3 Rxc1 19.Rxc1 Nc6 20.Bc2 Na5 21.Bd3 Rc8 22.Qe1 Nac4 23.Nxc4 Nxc4
24.Bxc4 Rxc4 25.Rxc4 bxc4  1/2-1/2

[Event "PCA-op"]
[Site "New York"]
[Date "1994.??.??"]
[Round "5"]
[White "Rohde, Michael A"]
[Black "Vaganian, Rafael A"]
[Result "1/2-1/2"]
[WhiteElo "2550"]
[BlackElo "2645"]

1.e4 e6 2.d4 d5 3.Nd2 c5 4.Ngf3 Nc6 5.Bb5 a6 6.Bxc6+ bxc6 7.c3 Nf6 8.e5 Nd7
9.O-O cxd4 10.cxd4 a5 11.Re1 Be7 12.Nf1 O-O 13.Ng3 Ba6 14.Be3 c5 15.Rc1 Rc8
16.Qa4 Bd3 17.dxc5 Nxc5 18.Qg4 Be4 19.Bxc5 Rxc5 20.Nxe4 dxe4 21.Rxc5 Bxc5
22.Qxe4 Qb6 23.Re2 Rd8 24.g3 h6 25.Kg2 Qb5 26.Rc2 Bb4 27.Qc6 Qd3 28.a3 Bf8
29.Rd2 Qxd2 30.Nxd2 Rxd2 31.Qb5 a4 32.Qxa4 Rxb2 33.Qc6 Bxa3 34.Qc3 Ra2 35.Qa5 g6
36.g4 Kg7 37.h4 Ra1 38.f4 Bb2 39.Qb4 Bc1 40.h5 Ra2+ 41.Kf3 Ra3+ 42.Kg2 Ra2+
43.Kh1 Rf2 44.Qc5 Rf1+ 45.Kg2 Rxf4 46.Qxc1 Rxg4+ 47.Kf3 gxh5 48.Qc7 Rg6 49.Kf4 Rg4+
50.Kf3 Rg6 51.Kf4  1/2-1/2

[Event "World op"]
[Site "Philadelphia"]
[Date "1995.??.??"]
[Round "1"]
[White "Frank, Mario"]
[Black "Rohde, Michael A"]
[Result "1-0"]
[WhiteElo "2230"]
[BlackElo "2540"]

1.d4 Nf6 2.c4 e6 3.Nc3 Bb4 4.Bg5 c5 5.d5 h6 6.Bh4 d6 7.e3 Qe7 8.Ne2 Nbd7
9.a3 Ba5 10.Rb1 O-O 11.b4 Bb6 12.dxe6 fxe6 13.Nf4 Ne5 14.Nh5 g5 15.Bg3 Nxh5
16.Qxh5 Qg7 17.h4 Nf7 18.Kd2 cxb4 19.axb4 a5 20.b5 a4 21.hxg5 Ba5 22.Rc1 Nxg5
23.Bd3 Rf6 24.Rh4 a3 25.Bxd6 Rxf2+ 26.Ke1 Rxg2 27.Qe8+  1-0

[Event "World op"]
[Site "Philadelphia"]
[Date "1995.??.??"]
[Round "2"]
[White "Rohde, Michael A"]
[Black "Andrews, Steven"]
[Result "1-0"]
[WhiteElo "2540"]
[BlackElo "2200"]

1.e4 Nf6 2.e5 Nd5 3.Nf3 d6 4.d4 Bg4 5.Be2 e6 6.c4 Nb6 7.Nc3 c6 8.exd6 Bxf3
9.gxf3 c5 10.dxc5 N6d7 11.Nb5 Na6 12.b4 Qf6 13.Be3 g6 14.Qd4 Qe5 15.Qe4 Rb8
16.Nc7+ Kd8 17.Nxa6 bxa6 18.c6 Bxd6 19.c5  1-0

[Event "Saratoga Springs op"]
[Site "Saratoga"]
[Date "1997.??.??"]
[Round "5"]
[White "Bonin, Jay R"]
[Black "Rohde, Michael A"]
[Result "1-0"]
[WhiteElo "2345"]
[BlackElo "2560"]

1.d4 d6 2.e4 Nf6 3.Nc3 g6 4.Nf3 Bg7 5.Be2 O-O 6.O-O c6 7.a4 Qc7 8.a5 e5 9.dxe5 dxe5
10.Bc4 Na6 11.Ng5 Nh5 12.Ne2 Qe7 13.Be3 h6 14.Nxf7 Rxf7 15.Bxf7+ Qxf7 16.Qd8+ Qf8
17.Rfd1 Be6 18.Qxf8+ Bxf8 19.f3 Kf7 20.Nc1 g5 21.Nd3 Bd6 22.b4 Bc7 23.Rab1 Nf4
24.Kf2 Nxd3+ 25.Rxd3 Ke7 26.c3 Nb8 27.h4 gxh4 28.Rh1 h3 29.g4 b6 30.axb6 axb6
31.Rxh3 Nd7 32.Rxh6 Nf8 33.Rh8 Kf7 34.Bh6  1-0

[Event "National Congress 29th"]
[Site "Philadelphia"]
[Date "1998.11.27"]
[Round "2"]
[White "Rohde, Michael A"]
[Black "Zaremba, Andre"]
[Result "0-1"]
[WhiteElo "2545"]
[BlackElo "2245"]

1.Nf3 Nf6 2.c4 c5 3.Nc3 g6 4.e4 d6 5.d4 cxd4 6.Nxd4 Bg7 7.Be2 O-O 8.O-O Nc6
9.Be3 Nxd4 10.Bxd4 Be6 11.f4 Qc8 12.Qd3 Bg4 13.Rae1 Bxe2 14.Rxe2 Nd7 15.Nd5 Bxd4+
16.Qxd4 Re8 17.e5 e6 18.Ne3 dxe5 19.fxe5 h5 20.g4 Qc7 21.gxh5 Nxe5 22.hxg6 f5
23.Rg2 Rab8 24.Qf4 Qc5 25.b4 Qd4 26.Qh6 Re7 27.Rd1 Qb6 28.Rd8+ Qxd8 29.g7 Nf7
30.Qf6 Re8 31.Qc3 Qh4 32.c5 Ng5 33.Nf1 f4 34.Nd2 Qe1+  0-1

[Event "US-chT Amateur East"]
[Site "Parsippany"]
[Date "1998.??.??"]
[Round "6"]
[White "Weeramantry, Sunil"]
[Black "Rohde, Michael A"]
[Result "0-1"]
[WhiteElo "2240"]
[BlackElo "2550"]

1.e4 c5 2.Nc3 e6 3.f4 a6 4.Nf3 b5 5.d4 Bb7 6.dxc5 Bxc5 7.Bd3 Nf6 8.Qe2 b4
9.Na4 Ba7 10.Be3 Bc6 11.Bxa7 Rxa7 12.Nc5 Qc7 13.Nb3 Qxf4 14.O-O O-O 15.Rac1 Ng4
16.g3 Qc7 17.e5 Qb6+ 18.Kg2 f6 19.Kh3 f5 20.Nbd2 Bd5 21.Bc4 Bb7 22.Bb3 Nc6
23.Nc4 Qc5 24.Rcd1 Ba8  0-1

[Event "Atlantic op"]
[Site "Washington"]
[Date "1998.??.??"]
[Round "2"]
[White "Shabalov, Alexander"]
[Black "Rohde, Michael A"]
[Result "1-0"]
[WhiteElo "2645"]
[BlackElo "2545"]

1.e4 e5 2.Nf3 Nc6 3.d4 exd4 4.Nxd4 Bc5 5.Be3 Bb6 6.Nc3 Nge7 7.Qd2 O-O 8.O-O-O d6
9.h4 f5 10.Nxc6 Nxc6 11.Bc4+ Kh8 12.Bg5 Qd7 13.h5 Ne5 14.Bb3 Nf7 15.Bf4 fxe4
16.h6 Nxh6 17.Nd5 Nf7 18.Rh5 Qg4 19.Rdh1 Bf5 20.f3 exf3 21.gxf3 Qxf3 22.Qh2 Qe4
23.Bd2 Rae8 24.Nc3 Qxh1+ 25.Qxh1 Bg6 26.Rh3 c6 27.Bc4 Ne5 28.Be2 d5 29.Bh5 d4
30.Bxg6 Nxg6 31.Ne4 Re5 32.Rxh7+ Kg8 33.Rxg7+ Kxg7 34.Qh6+ Kf7 35.Qh7+ Ke6  1-0

[Event "Atlantic op"]
[Site "Washington"]
[Date "1998.??.??"]
[Round "4"]
[White "Figler, I."]
[Black "Rohde, Michael A"]
[Result "0-1"]
[WhiteElo "2380"]
[BlackElo "2545"]

1.c4 e5 2.Nc3 Bb4 3.Qb3 Nc6 4.Nf3 a5 5.Nd5 Nf6 6.e3 e4 7.Nxb4 axb4 8.Nd4 Qe7
9.Nxc6 dxc6 10.a4 O-O 11.Qc2 Ra5 12.b3 Ng4 13.d4 Rf5 14.Ra2 Rxf2 15.Qxf2 Nxf2
16.Rxf2 Be6 17.Be2 b5 18.axb5 cxb5 19.d5 Bc8 20.Bb2 bxc4 21.Bxc4 Qd6 22.O-O Ba6
23.Be5 Qxe5 24.Bxa6 Qc3 25.Bc4 Qxe3 26.Kh1 Qd4 27.Rf4 Qe5 28.g3 g6 29.Re1 f5
30.d6+ Kg7 31.d7 Qd6 32.Rff1 Qxd7 33.Rd1 Qe7 34.Rd2 Rd8 35.Rdd1 Rxd1 36.Rxd1 e3  0-1

[Event "Atlantic op"]
[Site "Washington"]
[Date "1998.??.??"]
[Round "5"]
[White "Rohde, Michael A"]
[Black "Ivanov, Alexander"]
[Result "1-0"]
[WhiteElo "2545"]
[BlackElo "2510"]

1.c4 e5 2.Nc3 Nc6 3.Nf3 Nf6 4.e4 Nd4 5.d3 Nxf3+ 6.Qxf3 d6 7.h3 Be7 8.Be3 O-O
9.d4 c6 10.Be2 Qb6 11.O-O-O Qa5 12.Qg3 Re8 13.f4 Bf8 14.fxe5 dxe5 15.Rhf1 exd4
16.Bxd4 Nxe4 17.Nxe4 Rxe4 18.Bc3 Qb6 19.c5 Qxc5 20.Rd8 g6 21.Bd3 Re6 22.Qc7 Re7
23.Rxf8+ Kxf8 24.Qd8+ Re8 25.Rxf7+ Kxf7 26.Qf6+  1-0

[Event "Oz.com qualifier blitz"]
[Site "Internet ICC"]
[Date "2000.03.05"]
[Round "5"]
[White "Rohde,M"]
[Black "Johannessen,LE"]
[Result "1-0"]
[WhiteElo "2535"]
[BlackElo "2431"]

1.Nf3 Nf6 2.c4 b6 3.Nc3 Bb7 4.d4 e6 5.a3 d5 6.cxd5 exd5 7.g3 Be7 8.Qa4+ c6
9.Bg2 O-O 10.O-O Nbd7 11.Bf4 c5 12.Rfd1 a6 13.Ne5 b5 14.Qc2 cxd4 15.Nxd7 Qxd7
16.Rxd4 Qe6 17.Rad1 Rfd8 18.Qb3 Rac8 19.e3 Rc5 20.e4 Bf8 21.exd5 Qf5 22.h3 g5
23.Be3 Bg7 24.a4 Rdc8 25.axb5 axb5 26.Rb4 R5c7 27.Rxb5 Ba6 28.Rb8 Nd7 29.Rxc8+ Rxc8
30.Qa4 Bd3 31.g4 Qg6 32.Qxd7  1-0